DAHİLER SINIFI SINIRSIZ DEHA (Kayıt no. 995591)

MARC ayrıntıları
000 -LEADER
sabit uzunluktaki kontrol alanı 00267nam a2200097Ia 4500
001 - KONTROL NUMARASI
kontrol alanı 995591
005 - EN SON İŞLEMİN TARİH VE ZAMANI
kontrol alanı 20250826221449.0
008 - SABİT-UZUNLUKTA VERİ ÖĞELERİ--GENEL BİLGİ
sabit uzunluktaki kontrol alanı 250824s9999 xx 000 0 und d
245 #0 - ESER / YAZAR
ESER ADI DAHİLER SINIFI SINIRSIZ DEHA
Yazar Adı PİERDOMENİCO BACCALARİO
260 ## - YAYIN, DAĞITIM, VB.
YAYIN EVİ DOMİNGO YAYINLARI
Mevcut
Düşüm durumu Kayıp durumu Hasar Durumu Ödünç verilmez Ana kütüphane Geçerli Kütüphane Edinilen tarih Toplam ödünç verme sayısı Barkod Son görüntüleme tarihi Fiyatın geçerli olmaya başladığı tarih Koha materyal türü
        TALHA BAYRAKÇI İMAM HATİP ORTAOKULU TALHA BAYRAKÇI İMAM HATİP ORTAOKULU 24.08.2025   10295387 26.08.2025 26.08.2025 Kitaplar
Gemini Bilgi Teknolojileri A.Ş. tarafından düzenlenmiştir.